Visa-free access for Brazilian passport holders - Statistics

General Stats
  • This quiz has been taken 47 times
  • The average score is 120 of 146
Answer Stats
Countries % Correct
France
97%
Argentina
94%
Cyprus
94%
Denmark
94%
Egypt
94%
Germany
94%
Monaco
94%
Portugal
94%
United Arab Emirates
94%
Uruguay
94%
Andorra
91%
Belgium
91%
Bolivia
91%
Chile
91%
Dominican Republic
91%
Guyana
91%
Jamaica
91%
Liechtenstein
91%
Mexico
91%
Netherlands
91%
Norway
91%
Paraguay
91%
Qatar
91%
Spain
91%
Suriname
91%
Sweden
91%
Switzerland
91%
Austria
88%
Colombia
88%
Costa Rica
88%
Estonia
88%
Greece
88%
Ireland
88%
Israel
88%
Latvia
88%
Lithuania
88%
Luxembourg
88%
Panama
88%
Peru
88%
Russia
88%
Saint Kitts and Nevis
88%
Saint Lucia
88%
Saint Vincent and the Grenadines
88%
Serbia
88%
Slovakia
88%
Slovenia
88%
South Korea
88%
United Kingdom
88%
Bahamas
85%
Bahrain
85%
Barbados
85%
Belarus
85%
Dominica
85%
Ecuador
85%
Finland
85%
Guatemala
85%
Honduras
85%
Iceland
85%
Oman
85%
Poland
85%
South Africa
85%
Trinidad and Tobago
85%
Ukraine
85%
Albania
82%
Antigua and Barbuda
82%
Armenia
82%
Belize
82%
Czech Republic
82%
El Salvador
82%
Fiji
82%
Haiti
82%
Indonesia
82%
Kenya
82%
Kosovo
82%
Lebanon
82%
Malaysia
82%
Montenegro
82%
Nepal
82%
Nicaragua
82%
Palau
82%
Singapore
82%
Turkey
82%
Vatican City
82%
Bosnia and Herzegovina
79%
Bulgaria
79%
Cambodia
79%
Croatia
79%
East Timor
79%
Ethiopia
79%
Georgia
79%
Grenada
79%
Hungary
79%
Iran
79%
Italy
79%
Jordan
79%
Laos
79%
Malta
79%
Mauritius
79%
Moldova
79%
Morocco
79%
New Zealand
79%
Romania
79%
Samoa
79%
San Marino
79%
Solomon Islands
79%
Tonga
79%
Venezuela
79%
Cape Verde
76%
Djibouti
76%
Federated States of Micronesia
76%
Seychelles
76%
Sri Lanka
76%
Swaziland
76%
Thailand
76%
Tuvalu
76%
Vanuatu
76%
Zambia
76%
Guinea-Bissau
74%
Macedonia
74%
Marshall Islands
74%
Mauritania
74%
Namibia
74%
Philippines
74%
Senegal
74%
Tanzania
74%
Togo
74%
Tunisia
74%
Zimbabwe
74%
Benin
71%
Comoros
71%
Maldives
71%
Mozambique
71%
Papua New Guinea
71%
Rwanda
71%
Sao Tome and Principe
71%
Botswana
68%
Gabon
68%
Kazakhstan
68%
Madagascar
68%
Mongolia
68%
Tajikistan
65%
Uganda
65%
Kyrgyzstan
62%
Malawi
62%
Somalia
62%
Burkina Faso
56%
No matching quizzes found
Score Distribution
Percent of People with Each Score
Percentile by Number Answered
Your Score History
You have not taken this quiz